| 000 | 00382nam a2200145Ia 4500 | ||
|---|---|---|---|
| 008 | 130318s9999 xx 000 0 und d | ||
| 020 | _a9780761932352 | ||
| 082 | _a351 KEN/I | ||
| 100 | _aKeniston, Kenneth | ||
| 245 | _aIT experience in India: Bridging the digital divide | ||
| 260 |
_bSage _aNew Delhi _c2004 |
||
| 300 | _a194 | ||
| 650 | _aE-GOVERNANCE | ||
| 700 | _aKumar, Deepak | ||
| 999 |
_c1502 _d1502 |
||